| 000 | 00390nam a2200145Ia 4500 | ||
|---|---|---|---|
| 008 | 230917s9999||||xx |||||||||||||| ||und|| | ||
| 040 |
_e48927 _aMAIN |
||
| 041 | _aEnglish | ||
| 082 | _a954.01 C392S | ||
| 100 | _aChattopadhyaya, Debi Prasad | ||
| 245 | 0 | _aScience and society in ancient India | |
| 260 |
_aCalcutta _bResearch India Publications _c1979 |
||
| 300 | _a441 p. | ||
| 942 | _cBK | ||
| 999 |
_c221794 _d221794 |
||